000 01028nam a22001817a 4500
003 IT-RoPau
005 20220918181105.0
008 130508b xxu||||| |||| 00| 0 eng d
040 _cIT-RoPau
100 _aCentro di Spiritualità Paolina
_9518
245 _aSupplemento a "Camminiamo anche noi in novità di vita"
250 _a1° ed
260 _aAriccia (Roma)
_bCentro di Spiritualità Paolina - Casa Divino Maestro
_c1979
300 _a20 pp.
_c33 cm
490 _a"Camminiamo anche noi in novità di vita"
_vn° 3 - Febbraio 1979
520 _aSommario I. Discepoli di Cristo, per imparare a pregare" II. Con la Bibbia "E' tutto l'essere che prega" III. Gesù Cristo: Incontro radicale dell'essere umano con Dio IV. Liturgia: Le dimensioni della preghiera in Cristo V. Preghiera biblica di Maria VI. Spazio vitale per la preghiera: Sapienza - Contemplazione VII. Prgehiera integrale dell'uomo di azione VIII. La preghiera dell'Apostolo Paolo IX. "Mettere innanzi a Dio tutto il nostro essere"
942 _2ddc
_cCR
999 _c98498
_d98498